| 000 | 00551nam a2200193Ia 4500 | ||
|---|---|---|---|
| 003 | SGT | ||
| 020 | _a9798171706906 | ||
| 082 |
_a658.4012 _bJAU |
||
| 100 | _aJauch, Lawrence R. | ||
| 245 | _aBusiness policy and strategic management | ||
| 250 | _a6th Ed. | ||
| 260 |
_bFrank Bros. & Co _aNew Delhi _c2004 |
||
| 300 | _a663p. | ||
| 650 | _aGENERAL MANAGEMENT | ||
| 653 | _aAN INVITATION OF STRATEGIC MANAGEMENT, STRATEGIC MANAGEMENT ELEMENTS, THE GENERAL ENVIRONMENT | ||
| 700 | _aGlueck, William F. | ||
| 700 | _aGupta,Rajiv | ||
| 942 |
_2ddc _cBK |
||
| 999 |
_c5636 _d5636 |
||